000 00458 a2200145 4500
082 _a361
090 _c6517
_d6517
100 _aHRH Associates
245 _aSurvey of NGOs in the field of social services Pakistan.
_bVol-1 Directory of NGOs.Part II
_cMinistry of Planning and Development Planning and Development
250 _aPart II
260 _aLahore
_bHRH Associates.
_c1989.
300 _a405p.
500 _aPaper cover
942 _aNBS
_cBK
_k361 HRH
999 _c348876
_d348876